00652nam a22001937a 4500003000900000008004100009040007100050082002000121100002000141245002400161260004300185300002800228440003300256505009500289650002300384650001400407650001300421700002400434AR-CdUCM190329b ||||| |||| 00| 0 spa d aMUNICIPALIDAD PROVINCIAL DEL CUSCOcBIBLIOTECA MUNICIPAL DEL CUSCO 23eda800 /bD66 aDickens, Carlos aDavid Copperfield / aBuenos Aires :bEditorial Tor,c1968.. a222 páginas ;c23 cm. aBiblioteca las obras famosas aContenido: Primeras observaciones -- Ocurre un desagradale cambio -- Caigo en desgracia... aLiteratura escolar aFicción aSiglo XX aLabrousse, Pedro E.